000
00272nam a22001217a 4500
008
171003b xxu||||| |||| 00| 0 eng d
041
_a
eng
080
_2
8TH
_a
159.9
100
_a
48
101
_a
PSI
245
_a
UNDERSTANDING PSYCHOLOGY
_c
MORRIS,CH.G
942
_2
udc
_c
BK
999
_c
31306
_d
31306